000 00727nam a22002057a 4500
005 20140905105650.0
010 _aENG-110744
020 _a9788183876612
_c1095.00
035 _aEN-94276
037 _bDBAD/PUB
082 _a307.772095484
100 _aGandhi, Malli
245 _aEducating tribal children :
_cby Malli Gandhi [and] Vakulabharanam Lalitha
_bissues, concerns and remedies /
260 _aNew Delhi
_bSerials Publications
_c2014
270 _a4830/24, Prahlad Street, Ansari Road, Darya Ganj
_bNew Delhi
_e110002
300 _axviii,317p.
_c22cm(Hb)
500 _aIncludes bibliographical references and index
700 _aVakulabharanam Lalitha
942 _2ddc
_cEN
_h307.772095484
_mGAN
999 _c88305
_d88305